Dataset Open Access

EuroMineNet: A multitemporal Sentinel-2 benchmark for spatiotemporal mining footprint analysis in the European Union (2015–2024)

Yu, Weikang; Nwazelibe, Vincent Chkwuemeka; Ma, Xianping; Zhang, Xiaokang; Gloaguen, Richard; Zhu, Xiao Xiang; Ghamisi, Pedram


MARC21 XML Export

<?xml version='1.0' encoding='UTF-8'?>
<record xmlns="http://www.loc.gov/MARC21/slim">
  <leader>00000nmm##2200000uu#4500</leader>
  <controlfield tag="005">20260512092709.0</controlfield>
  <controlfield tag="001">4656</controlfield>
  <datafield tag="700" ind1=" " ind2=" ">
    <subfield code="a">Nwazelibe, Vincent Chkwuemeka</subfield>
  </datafield>
  <datafield tag="700" ind1=" " ind2=" ">
    <subfield code="a">Ma, Xianping</subfield>
    <subfield code="u">Southwestern Jiaotong University</subfield>
  </datafield>
  <datafield tag="700" ind1=" " ind2=" ">
    <subfield code="a">Zhang, Xiaokang</subfield>
    <subfield code="u">Wuhan University</subfield>
  </datafield>
  <datafield tag="700" ind1=" " ind2=" ">
    <subfield code="a">Gloaguen, Richard</subfield>
    <subfield code="0">(orcid)0000-0002-4383-473X</subfield>
  </datafield>
  <datafield tag="700" ind1=" " ind2=" ">
    <subfield code="a">Zhu, Xiao Xiang</subfield>
    <subfield code="u">Technical University of Munich</subfield>
  </datafield>
  <datafield tag="700" ind1=" " ind2=" ">
    <subfield code="a">Ghamisi, Pedram</subfield>
    <subfield code="0">(orcid)0000-0003-1203-741X</subfield>
  </datafield>
  <datafield tag="260" ind1=" " ind2=" ">
    <subfield code="c">2026-05-11</subfield>
  </datafield>
  <datafield tag="520" ind1=" " ind2=" ">
    <subfield code="a">&lt;p&gt;Dataset publication for paper:&amp;nbsp;EuroMineNet: A multitemporal Sentinel-2 benchmark for spatiotemporal mining footprint analysis in the European Union (2015&amp;ndash;2024)&lt;/p&gt;</subfield>
  </datafield>
  <datafield tag="650" ind1="1" ind2="7">
    <subfield code="a">cc-by</subfield>
    <subfield code="2">opendefinition.org</subfield>
  </datafield>
  <datafield tag="980" ind1=" " ind2=" ">
    <subfield code="a">user-rodare</subfield>
  </datafield>
  <datafield tag="100" ind1=" " ind2=" ">
    <subfield code="a">Yu, Weikang</subfield>
    <subfield code="u">Helmholtz-Zentrum Dresden-Rossendorf</subfield>
    <subfield code="0">(orcid)0000-0003-1111-572X</subfield>
  </datafield>
  <datafield tag="245" ind1=" " ind2=" ">
    <subfield code="a">EuroMineNet: A multitemporal Sentinel-2 benchmark for spatiotemporal mining footprint analysis in the European Union (2015–2024)</subfield>
  </datafield>
  <datafield tag="540" ind1=" " ind2=" ">
    <subfield code="u">https://creativecommons.org/licenses/by/4.0/legalcode</subfield>
    <subfield code="a">Creative Commons Attribution 4.0 International</subfield>
  </datafield>
  <datafield tag="909" ind1="C" ind2="O">
    <subfield code="o">oai:rodare.hzdr.de:4656</subfield>
    <subfield code="p">openaire_data</subfield>
    <subfield code="p">user-rodare</subfield>
  </datafield>
  <datafield tag="024" ind1=" " ind2=" ">
    <subfield code="a">10.14278/rodare.4656</subfield>
    <subfield code="2">doi</subfield>
  </datafield>
  <datafield tag="856" ind1="4" ind2=" ">
    <subfield code="s">18378458649</subfield>
    <subfield code="u">https://rodare.hzdr.de/record/4656/files/EuroMineNet.zip</subfield>
    <subfield code="z">md5:dce6d4663148e5c5ffd630c0683d828a</subfield>
  </datafield>
  <datafield tag="542" ind1=" " ind2=" ">
    <subfield code="l">open</subfield>
  </datafield>
  <datafield tag="773" ind1=" " ind2=" ">
    <subfield code="a">10.1016/j.isprsjprs.2026.04.046</subfield>
    <subfield code="i">isPartOf</subfield>
    <subfield code="n">doi</subfield>
  </datafield>
  <datafield tag="773" ind1=" " ind2=" ">
    <subfield code="a">https://www.hzdr.de/publications/Publ-43381</subfield>
    <subfield code="i">isIdenticalTo</subfield>
    <subfield code="n">url</subfield>
  </datafield>
  <datafield tag="773" ind1=" " ind2=" ">
    <subfield code="a">https://www.hzdr.de/publications/Publ-42284</subfield>
    <subfield code="i">isReferencedBy</subfield>
    <subfield code="n">url</subfield>
  </datafield>
  <datafield tag="773" ind1=" " ind2=" ">
    <subfield code="a">10.14278/rodare.4655</subfield>
    <subfield code="i">isVersionOf</subfield>
    <subfield code="n">doi</subfield>
  </datafield>
  <datafield tag="980" ind1=" " ind2=" ">
    <subfield code="a">dataset</subfield>
  </datafield>
</record>
28
0
views
downloads
All versions This version
Views 2828
Downloads 00
Data volume 0 Bytes0 Bytes
Unique views 2424
Unique downloads 00

Share

Cite as